[Event "Valencia Region-ch Segunda"]
[Site "Valencia"]
[Date "2016.10.08"]
[Round "2"]
[White "Benlloch Adroguer, Jorge"]
[Black "Aupi Rifa, Francisco"]
[Result "0-1"]
[WhiteElo "1418"]
[BlackElo "1745"]
[PlyCount "74"]
[EventDate "2016.10.01"]
[EventType "swiss"]
[EventRounds "7"]
[EventCountry "ESP"]
[SourceTitle "EXT 2024"]
[Source "ChessBase"]
[SourceDate "2023.10.10"]
[SourceVersion "1"]
[SourceVersionDate "2023.10.10"]
[SourceQuality "1"]

1. e4 c5 2. Nf3 d6 3. d4 cxd4 4. Nxd4 Nf6 5. Nc3 Nc6 6. Be2 e5 7. Nb3 Be7 8. Be3 0-0 9. 0-0 a5 10. a4 Be6 11. Bf3 Nb4 12. Nd5 Bxd5 13. exd5 e4 14. Be2 Nfxd5 15. c3 Nxe3 16. fxe3 Nc6 17. Bc4 Ne5 18. Bd5 Qb6 19. Qd4 Nd7 20. Qxb6 Nxb6 21. Bxe4 Nc4 22. Rf3 Bg5 23. Kf2 Rae8 24. Bd5 Nxe3 25. Rg3 Bh4 26. Bxb7 Bxg3+ 27. hxg3 Ng4+ 28. Kf3 Ne5+ 29. Kf4 Nd3+ 30. Kf3 Re7 31. Nxa5 Rfe8 32. Nc4 Ne5+ 33. Nxe5 dxe5 34. Be4 g6 35. g4 Kg7 36. b4 Rc8 37. Rc1 Ra7 0-1